[Event "Calvia Amateur op 14th"]
[Site "Calvia"]
[Date "2017.10.13"]
[Round "7"]
[White "Lacrosse, Marc"]
[Black "Galiana Salom, Juan Ramon"]
[Result "0-1"]
[WhiteElo "2121"]
[BlackElo "2271"]
[PlyCount "82"]
[EventDate "2017.10.07"]
[EventType "swiss"]
[EventRounds "9"]
[EventCountry "ESP"]
[SourceTitle "CBM 181 Extra"]
[Source "ChessBase"]
[SourceDate "2017.12.12"]
[SourceVersion "1"]
[SourceVersionDate "2017.12.12"]
[SourceQuality "1"]

1. d4 f5 2. g3 g6 3. Bg2 Bg7 4. Nf3 c6 5. 0-0 Nh6 6. c4 Nf7 7. Qc2 d6 8. Rd1 Qc7 9. c5 dxc5 10. Qxc5 Na6 11. Qa3 Qd6 12. Qb3 Qb4 13. Qc2 Qb6 14. a3 Be6 15. b4 0-0 16. Nc3 Rfd8 17. e3 Rac8 18. Bb2 Qc7 19. Rac1 Qb8 20. Ne1 Nc7 21. Nd3 Nd6 22. Nc5 Bf7 23. Nd3 Nd5 24. Ne2 Bf6 25. Ne5 Be6 26. Nd3 Kg7 27. Nc5 Bf7 28. Nd3 g5 29. Qb1 Bh5 30. Rd2 Nb6 31. Nc5 Bf7 32. Rdc2 Nd5 33. Nd3 e6 34. Nc5 Qc7 35. Nc3 Qe7 36. Ne2 Bg6 37. Qa1 h5 38. Nc3 Rh8 39. Nxd5 cxd5 40. Rd2 h4 41. Nd3 Bf7 0-1

[Event "Calvia Amateur op 14th"]
[Site "Calvia"]
[Date "2017.10.12"]
[Round "6"]
[White "Galiana Salom, Juan Ramon"]
[Black "Bullen, Alex"]
[Result "1/2-1/2"]
[WhiteElo "2271"]
[BlackElo "2047"]
[PlyCount "66"]
[EventDate "2017.10.07"]
[EventType "swiss"]
[EventRounds "9"]
[EventCountry "ESP"]
[SourceTitle "CBM 181 Extra"]
[Source "ChessBase"]
[SourceDate "2017.12.12"]
[SourceVersion "1"]
[SourceVersionDate "2017.12.12"]
[SourceQuality "1"]

1. e4 c6 2. d4 d5 3. exd5 cxd5 4. Bd3 Nc6 5. c3 Qc7 6. Nf3 Bg4 7. h3 Bh5 8. Be3 e6 9. Nbd2 Bd6 10. Qe2 Nge7 11. g4 Bg6 12. 0-0-0 Nb4 13. Bxg6 Nxg6 14. Kb1 Nc6 15. h4 0-0-0 16. c4 dxc4 17. Nxc4 Nf4 18. Bxf4 Bxf4 19. Ne3 Qa5 20. Rc1 Kb8 21. Rhd1 Qb6 22. Nc4 Qa6 23. Rc3 Nb4 24. Ra3 Qc6 25. Rb3 Qa4 26. Na3 Rc8 27. Qe4 Nd5 28. Ne5 Rc3 29. Nd7+ Ka8 30. bxc3 Qxb3+ 31. axb3 Nxc3+ 32. Kb2 Nxe4 33. f3 Nf6 1/2-1/2

[Event "Llucmajor op 6th"]
[Site "Llucmajor"]
[Date "2017.05.14"]
[Round "2"]
[White "Galiana Salom, Juan Ramon"]
[Black "Fedorchuk, Sergey A"]
[Result "0-1"]
[WhiteElo "2273"]
[BlackElo "2621"]
[PlyCount "94"]
[EventDate "2017.05.14"]
[EventType "swiss"]
[EventRounds "9"]
[EventCountry "ESP"]
[SourceTitle "CBM 178 Extra"]
[Source "ChessBase"]
[SourceDate "2017.06.22"]
[SourceVersion "1"]
[SourceVersionDate "2017.06.22"]
[SourceQuality "1"]

1. e4 c5 2. Nf3 e6 3. d4 cxd4 4. Nxd4 a6 5. Nc3 b5 6. Bd3 Qb6 7. Nb3 Qc7 8. 0-0 Nf6 9. f4 b4 10. Ne2 Bb7 11. Ng3 h5 12. Qe2 h4 13. Nh1 h3 14. g4 a5 15. g5 a4 16. Nd4 Bc5 17. c3 Nh5 18. Be3 Qb6 19. Nc2 Na6 20. Rae1 f5 21. Nxb4 fxe4 22. Bxa6 Bxa6 23. Nxa6 Rxa6 24. Rf2 Ra5 25. Bxc5 Rxc5 26. Qxe4 0-0 27. Re3 Rcf5 28. Qd4 Qxd4 29. cxd4 Nxf4 30. Re5 Rxe5 31. dxe5 Nd3 32. Rxf8+ Kxf8 33. Nf2 Nxb2 34. Kf1 Nc4 35. Nd3 a3 36. Ke2 Kf7 37. Kf3 Kg6 38. Kf4 Kh5 39. Nc5 Nb6 40. Ne4 Nd5+ 41. Kg3 Nb4 42. Nc3 Kxg5 43. Nb5 Nc2 44. Nd6 Ne3 45. Kf3 Ng4 46. Nc4 Kh4 47. Nxa3 Nxh2+ 0-1